Medaillespiegel Europees kampioenschap voetbal mannen - Statistieken

Algemene statistieken
  • Deze quiz is 50 keer genomen
  • De gemiddelde score is 13 van 17
Antwoordstatistieken
Goud Zilver Brons Land % Correct
3 3 3 Duitsland
92%
0 2 2 Engeland
92%
2 2 1 Italië
92%
1 0 5 Nederland
92%
4 1 1 Spanje
92%
0 1 1 België
89%
2 1 2 Frankrijk
89%
1 1 3 Portugal
89%
1 0 0 Griekenland
82%
1 0 2 Denemarken
79%
0 0 1 Zweden
79%
1 3 1 Rusland
76%
1 1 3 Tsjechië
68%
0 0 1 Hongarije
58%
0 0 1 Turkije
55%
0 2 0 Servië
53%
0 0 1 Wales
39%
Geen overeenkomende quizzen gevonden
Scoreverdeling
Procent van Mensen met Elke Score
Percentiel versus Aantal Correcte Antwoorden
Uw Scoregeschiedenis
U heeft deze quiz nog niet genomen